Score 0/20 Timer 04:00
1 Play Today
Title Missing Word % Correct
____ Five-0Hawaii
97.3%
Murder, She ____Wrote
96.7%
The ____ of HazzardDukes
95.9%
Mission: ____Impossible
93.9%
The ____ WifeGood
91.8%
The ____ and the RestlessYoung
91.3%
____ of InterestPerson
87.1%
____ by an AngelTouched
84%
____ MindsCriminal
79%
____ BloodsBlue
78.9%
Title Missing Word % Correct
Perry ____Mason
73.8%
____ the DomeUnder
73.4%
Picket ____Fences
70.6%
Falcon ____Crest
65.8%
____ LandingKnots
64.9%
Northern ____Exposure
62.5%
____ BridgesNash
58.2%
____ and Mrs. KingScarecrow
41.2%
The ____ ShadowWhite
27.7%
City ____Hospital
4%

Today's Daily Dose

You're not logged in!

Compare scores with friends on all Sporcle quizzes.
OR
Log In

Sporcle TV

Today on Sporcle TV


Watch our educational content, quiz creation guides, and fun videos on Sporcle TV.

Show Comments

Extras

Top Quizzes Today


Score Distribution

Your Account Isn't Verified!

In order to create a playlist on Sporcle, you need to verify the email address you used during registration. Go to your Sporcle Settings to finish the process.

Report this User

Report this user for behavior that violates our Community Guidelines.

Details: